Sách Quốc ngữ dành cho học sinh trung học, tập 3

Kaydedildi:
Detaylı Bibliyografya
Materyal Türü: Kitap
Etiketler: Etiketle
Etiket eklenmemiş, İlk siz ekleyin!
Thư viện lưu trữ: Mạng thư viện Đại học Đà Nẵng
LEADER 00432nam a22001691a 4500
001 000039613
003 15908
005 20160412022624.0
008 160412s0 000
082 |a 4N(TK)231 
245 |a Sách Quốc ngữ dành cho học sinh trung học, tập 3 
OWN |a LNN 
999 |a From the UDN01 
TYP |a Monograph 
980 |a Mạng thư viện Đại học Đà Nẵng